Cleaning up the Act (Record no. 69627)
[ view plain ]
| 000 -LEADER | |
|---|---|
| fixed length control field | 01168cam a2200241 4500 |
| 001 - CONTROL NUMBER | |
| control field | ABS65142 |
| 008 - FIXED-LENGTH DATA ELEMENTS--GENERAL INFORMATION | |
| fixed length control field | 020228n2002 000 0 eng u |
| 035 ## - SYSTEM CONTROL NUMBER | |
| System control number | (Sirsi) u116890 |
| 100 ## - MAIN ENTRY--PERSONAL NAME | |
| Personal name | Gibson, E. |
| 245 ## - TITLE STATEMENT | |
| Title | Cleaning up the Act |
| 260 ## - PUBLICATION, DISTRIBUTION, ETC. | |
| Date of publication, distribution, etc. | 2002 |
| 490 ## - SERIES STATEMENT | |
| Series statement | Property Week |
| Volume/sequential designation | 67(2) 18 January 2002, 42(1) |
| 520 ## - SUMMARY, ETC. | |
| Summary, etc. | Looks at who is responsible for cleaning up contaminated land. The Contaminated Land Regulations 1999 came into force in April 2000, and property professionals are advised to familiarise themselves with their workings and intricacies or face heavy fines. Particularly, they should be aware that although only the most seriously contaminated sites will be caught, it is vital that the potential for contamination is adequately assessed, or it will be impossible to make an accurate judgment of whether the new law applies to a particular site. |
| 590 ## - LOCAL NOTE (RLIN) | |
| Local note | ABS |
| 650 ## - SUBJECT ADDED ENTRY--TOPICAL TERM | |
| Topical term or geographic name entry element | CONTAMINATED LAND |
| 650 ## - SUBJECT ADDED ENTRY--TOPICAL TERM | |
| Topical term or geographic name entry element | ENVIRONMENTAL LAW |
| 650 ## - SUBJECT ADDED ENTRY--TOPICAL TERM | |
| Topical term or geographic name entry element | Contamination |
| 9 (RLIN) | 6231 |
| 650 ## - SUBJECT ADDED ENTRY--TOPICAL TERM | |
| Topical term or geographic name entry element | BROWNFIELD SITES |
| 650 ## - SUBJECT ADDED ENTRY--TOPICAL TERM | |
| Topical term or geographic name entry element | BROWNFIELD LAND |
| 650 ## - SUBJECT ADDED ENTRY--TOPICAL TERM | |
| Topical term or geographic name entry element | CONTAMINATED LAND REGULATIONS 1999 |
| 690 ## - LOCAL SUBJECT ADDED ENTRY--TOPICAL TERM (OCLC, RLIN) | |
| Topical term or geographic name as entry element | ENVIRONMENT-ENVIRONMENTAL LAW |
| 942 ## - ADDED ENTRY ELEMENTS (KOHA) | |
| Suppress in OPAC | 0 |
| Withdrawn status | Lost status | Source of classification or shelving scheme | Damaged status | Not for loan | Home library | Current library | Shelving location | Date acquired | Total Checkouts | Full call number | Barcode | Date last seen | Copy number | Price effective from | Koha item type |
|---|---|---|---|---|---|---|---|---|---|---|---|---|---|---|---|
| Dewey Decimal Classification | London | London | Journal article | 28/02/2002 | ABS65142 | 116890-1001 | 06/08/2019 | 1 | 06/08/2019 | Journal article |